00377 a2200157 4500003000400000005001700004008004100021020001800062040000900080082001700089100001700106245003400123250001200157260004000169300001000209OSt20240208115502.0240208b |||||||| |||| 00| 0 eng d a9788194987284 coclc a923.8bPRE/W aPreetha T. S aWhite magic /c T. S Preetha  a1st ed. aKochi:bDhanam Publications,c2023. a263p.